ARRUPE JESUIT UNIVERSITY

CORONAVIRUS -STOP THE SPREAD - CLEAN,DISINFECT,COVER

Modernity and its discontents / (Record no. 10090)

MARC details
000 -LEADER
fixed length control field 01453pam a2200337 a 4500
001 - CONTROL NUMBER
control field 1072540
003 - CONTROL NUMBER IDENTIFIER
control field ARRUPE
005 - DATE AND TIME OF LATEST TRANSACTION
control field 20170801141515.0
008 - FIXED-LENGTH DATA ELEMENTS--GENERAL INFORMATION
fixed length control field 911220s1992 nyu b 101 0 eng
010 ## - LIBRARY OF CONGRESS CONTROL NUMBER
LC control number 91046765
020 ## - INTERNATIONAL STANDARD BOOK NUMBER
International Standard Book Number 0823213455 (pbk.) :
Terms of availability $19.95
020 ## - INTERNATIONAL STANDARD BOOK NUMBER
International Standard Book Number 0823213447 (hard) :
Terms of availability $32.50
040 ## - CATALOGING SOURCE
Original cataloging agency DLC
Transcribing agency DLC
Modifying agency DLC
050 00 - LIBRARY OF CONGRESS CALL NUMBER
Classification number B831.2
Item number .M63 1992
082 00 - DEWEY DECIMAL CLASSIFICATION NUMBER
Classification number 190/.9/04
Edition number 20
300 ## - PHYSICAL DESCRIPTION
Dimensions 23 cm.
245 00 - TITLE STATEMENT
Title Modernity and its discontents /
Statement of responsibility, etc edited by James L. Marsh, John D. Caputo, and Merold Westphal.
260 ## - PUBLICATION, DISTRIBUTION, ETC. (IMPRINT)
Place of publication, distribution, etc New York :
Name of publisher, distributor, etc Fordham University Press,
Date of publication, distribution, etc 1992.
300 ## - PHYSICAL DESCRIPTION
Extent xiv, 219 p. ;
500 ## - GENERAL NOTE
General note Based on a symposium at Fordham University in March, 1989.
504 ## - BIBLIOGRAPHY, ETC. NOTE
Bibliography, etc Includes bibliographical references and index.
650 #0 - SUBJECT ADDED ENTRY--TOPICAL TERM
Topical term or geographic name as entry element Postmodernism
General subdivision Congresses.
9 (RLIN) 34258
650 #0 - SUBJECT ADDED ENTRY--TOPICAL TERM
Topical term or geographic name as entry element Philosophy, Modern
General subdivision Congresses.
9 (RLIN) 34259
700 1# - ADDED ENTRY--PERSONAL NAME
Personal name Marsh, James L.
9 (RLIN) 34260
700 1# - ADDED ENTRY--PERSONAL NAME
Personal name Caputo, John D.
9 (RLIN) 2372
700 1# - ADDED ENTRY--PERSONAL NAME
Personal name Westphal, Merold.
9 (RLIN) 24407
856 42 - ELECTRONIC LOCATION AND ACCESS
Materials specified Publisher description
Uniform Resource Identifier <a href="http://www.loc.gov/catdir/enhancements/fy0730/91046765-d.html">http://www.loc.gov/catdir/enhancements/fy0730/91046765-d.html</a>
856 42 - ELECTRONIC LOCATION AND ACCESS
Materials specified Contributor biographical information
Uniform Resource Identifier <a href="http://www.loc.gov/catdir/enhancements/fy0833/91046765-b.html">http://www.loc.gov/catdir/enhancements/fy0833/91046765-b.html</a>
906 ## - LOCAL DATA ELEMENT F, LDF (RLIN)
a 7
b cbc
c orignew
d 1
e ocip
f 19
g y-gencatlg
942 ## - ADDED ENTRY ELEMENTS (KOHA)
Source of classification or shelving scheme Library of Congress Classification
Koha item type Monograph ( Printed materials)
Holdings
Withdrawn status Lost status Source of classification or shelving scheme Damaged status Not for loan Collection code Home library Current library Shelving location Date acquired Total Checkouts Full call number Barcode Date last seen Copy number Price effective from Koha item type
    Library of Congress Classification     Main Collection ARRUPE LIBRARY ARRUPE LIBRARY   04/03/2013   B831.2.M63 1992 46003007437 20/02/2014 1 04/03/2013 Monograph ( Printed materials)

 

Arrupe Library. PO Box MP320 Mt Pleasant, Harare, Zimbabwe
263 242 745411|librarian@aju.ac.zw